| 000 | 01619nam a2200253Ia 4500 | ||
|---|---|---|---|
| 999 |
_c55097 _d55097 |
||
| 001 | 22172 | ||
| 003 | GE_BSU | ||
| 005 | 20221221161541.0 | ||
| 008 | 181216s2018||||ge |||||||||||||| ||geo|| | ||
| 040 | _cGE_BSU | ||
| 041 | _ageo | ||
| 080 | _a33 ს-96 | ||
| 100 |
_aსურმანიძე, ზეინაბ _910749 |
||
| 245 |
_aინტერნეტ ეკონომიკის როლი საქართველოს სოციალურ-ეკონომიკური განვითარება / _cზეინაბ სურმანიძე; სამეცნ. ხელმძღვ.მურმან ცეცხლაძე; ბსუ ეკონომიკისა და ბიზნესის ფაკულტეტი. ეკონომიკის დეპარტამენტი. |
||
| 264 |
_aბათუმი, _c2018. |
||
| 300 |
_a184 გვ. ; _b30 სმ. |
||
| 504 | _aბიბლ.გვ.163-184 | ||
| 653 | _aდისერტაცია | ||
| 653 | _aეკონომიკა | ||
| 653 | _aინტერნეტ ეკონომიკის როლი საქართველოს სოციალურ-ეკონომიკური განვითარება | ||
| 700 |
_aცეცხლაძე, მურმან _eსამეცნ. ხელმძღვანელი _910750 |
||
| 710 |
_aბსუ _bეკონომიკისა და ბიზნესის ფაკულტეტი. ეკონომიკის დეპარტამენტი _910751 |
||
| 942 |
_cDS _2udc |
||